000 00479cam a2200145 4500500
005 20251228072920.0
041 _afre
042 _adc
100 1 0 _aNiquet-Cabestan, Valérie
_eauthor
245 0 0 _aL'émergence de la puissance chinoise : facteur de paix ou de conflit ?
260 _c2005.
500 _a48
786 0 _nCités | 24 | 4 | 2005-12-01 | p. 47-61 | 1299-5495
856 4 1 _uhttps://shs.cairn.info/revue-cites-2005-4-page-47?lang=fr&redirect-ssocas=7080
999 _c1594440
_d1594440